GETS Theological Seminary Library

现代性, 传统变迁与汉语神学 (Record no. 40789)

MARC details
000 -LEADER
fixed length control field 00617nam a2200193Ia 4500
008 - FIXED-LENGTH DATA ELEMENTS--GENERAL INFORMATION
fixed length control field 220820s9999 xx 000 0 und d
020 ## - INTERNATIONAL STANDARD BOOK NUMBER
International Standard Book Number 97875617735507561773552
041 ## - LANGUAGE CODE
Language code of text/sound track or separate title chi
050 ## - LIBRARY OF CONGRESS CALL NUMBER
Classification number BT30.C5
Item number .X53 2010
245 #0 - TITLE STATEMENT
Title 现代性, 传统变迁与汉语神学
Remainder of title /
Statement of responsibility, etc. 李秋零, 杨熙楠主编
246 ## - VARYING FORM OF TITLE
Title proper/short title 現代性, 傳統變遷與漢語神學
Remainder of title /
260 ## - PUBLICATION, DISTRIBUTION, ETC.
Place of publication, distribution, etc. 上海 :
Name of publisher, distributor, etc. 华东师范大学出版社,
Date of publication, distribution, etc. 2010
300 ## - PHYSICAL DESCRIPTION
Extent 3 v.
Other physical details ;
Dimensions 23 cm.
490 ## - SERIES STATEMENT
Series statement 下編
650 ## - SUBJECT ADDED ENTRY--TOPICAL TERM
Topical term or geographic name entry element Theology China.Christianity China.Christianity and culture China.
700 ## - ADDED ENTRY--PERSONAL NAME
Personal name 李秋零
700 ## - ADDED ENTRY--PERSONAL NAME
Personal name 杨熙楠
Holdings
Withdrawn status Lost status Damaged status Not for loan Home library Current library Shelving location Date acquired Total Checkouts Full call number Barcode Date last seen Price effective from Koha item type
        GETS Theological Seminary Library GETS Theological Seminary Library   08/20/2022   BT30.C5 .X53 2010 v.3 00028895 08/20/2022 08/20/2022 Chinese Book
OpacCredits

Contact the Librarian, GETS Library
Email: library@mygets.org









Implemented by GETS Library
(Powered by ETCA Professional Group)
GETS Theological Seminary
412 E. Rowland Street, CA 91723